000 00826nam a2200253Ia 4500
003 OSt
005 20220923225226.0
006 a|||||r|||| 00| 0
007 ta
008 Pun
020 _c150
024 _a260,712
037 _b528, 02/12/2011, H.K. Prakashan
_cTextual
040 _aARTS
_cARTS
_bPun
041 _2Pun
_aPun
082 _aP153, 153P9
100 _aਧੀਮਾਨ, ਹਰਬੰਸ ਸਿੰਘ
_9156274
245 0 _aਪੰਜਾਬੀ ਬੋਲੀ ਭਾFਾ ਅਤੇ ਗੁਰਬਾਣੀ
260 _aਪਟਿਆਲਾ
_b ਗਗਨ ਪ੍ਰਕਾFਨ
_c2009
300 _a159ਪੰ
_ccm.
650 _aਪੰਜਾਬੀ ਭਾFਾ
942 _hP153, 153P9
_cTEXL
_2CC
999 _c376837
_d376837